000 00639cam a22002531 4500
001 sa 66005829
003 DLC
005 20260227112252.0
008 850815s1966 ii l 000 0 eng
010 _asa 66005829
035 _a(OCoLC)24198167
040 _aDLC
_cViU
_dDLC
042 _apremarc
050 0 0 _aKNS1214
_b1966
051 _c2d set.
110 1 _aIndia.
240 1 0 _aLaws, etc.
245 1 4 _aThe industrial law,
_cby P.L. Malik.
250 _a[8th ed.]
260 _aLucknow,
_bEaster Book
_c[1966]
300 _aix, 1077 p. ;
_c25 cm.
650 0 _aLabor laws and legislation
_zIndia.
700 1 _aMalik, P. L.
999 _c70164
_d70164